| 000 | 00870nam a2200217 i 4500 | ||
|---|---|---|---|
| 001 | 188217 | ||
| 003 | ES-MaACL | ||
| 005 | 20250921063041.0 | ||
| 008 | 180622q1912 fr |||| | fre d | ||
| 100 | 1 |
_aMommsen, Theodor, _d1817-1903 _982081 |
|
| 245 | 1 | 0 |
_aHistoire romaine. _nVII / _cTh. Mommsen. |
| 250 |
_aNouvelle éd. _btraduite par de Guerle. |
||
| 260 |
_aParis : _bErnest Flammarion, _c[ca. 1912] |
||
| 300 |
_a379 p. ; _c19 cm. |
||
| 490 | 1 | _aLes meilleurs auteurs classiques français et étrangers | |
| 505 | 8 | _aContiene: Livre V. Fondation de la monarchie militaire | |
| 651 | 4 |
_aRoma- _xHistoria- _y265-30 a.C., República. _99320 |
|
| 830 | 1 |
_aLes meilleurs auteurs classiques français et étrangers _9225658 |
|
| 852 |
_aES-MaACL _jL-32076 _z- Donat. herederos de la bibl. de Mª del Pilar Costa Palacín |
||
| 999 |
_c188217 _d188217 |
||